| 000 | 00977nam a22002897a 4500 | ||
|---|---|---|---|
| 001 | 0001446 | ||
| 003 | KOHA_MİRAKIL | ||
| 005 | 20260207001241.0 | ||
| 007 | ta | ||
| 008 | 090217b2005 tu |||grd|||#0|||0|tur | | ||
| 020 |
_a9754710163 _cYTL24,69 |
||
| 040 |
_aTR-BiSEU _btur _cTR-BiSEU _erda |
||
| 041 | 0 | _atur | |
| 044 | _ctu | ||
| 050 |
_aT9.T45 _bA46 2005 |
||
| 240 | 1 | 0 |
_aDeutsch - Türkisch Türkisch - Deutsch technisches wörterbuch _lTürkçe |
| 245 | 0 |
_aAlmanca - Türkçe Türkçe - Almanca teknik terimler sözlüğü = _bDeutsch - Türkisch Türkisch - Deutsch technisches wörterbuch/ _ceditör Zafer Ulusoy. |
|
| 264 | 1 |
_aİstanbul : _bFono Yayınları _c2005 |
|
| 300 | _a701 sayfa; 21 cm. | ||
| 336 |
_ametin _btxt _2rdacontent |
||
| 337 |
_aaracısız _bn _2rdamedia |
||
| 338 |
_acilt _bnc _2rdacarrier |
||
| 650 | 0 |
_aTeknoloji--Sözlükler--Almanca. _93451 |
|
| 650 | 0 |
_aAlman dili--Sözlükler--Türkçe. _93452 |
|
| 907 | _aSözlük | ||
| 942 |
_2lcc _cBK |
||
| 999 |
_c1433 _d1433 |
||